header

Polyphosphazenes for biomedical applications (Record no. 54161)

MARC details
000 -LEADER
fixed length control field 01143nam a2200289Ia 4500
245 00 - TITLE STATEMENT
Title Polyphosphazenes for biomedical applications
260 ## - PUBLICATION, DISTRIBUTION, ETC. (IMPRINT)
Place of publication Hoboken, N.J. :
Name of publisher Wiley,
Year of publication c2009.
300 ## - PHYSICAL DESCRIPTION
Number of Pages xv, 462 p. :
Other physical details ill.
650 #0 - SUBJECT ADDED ENTRY--TOPICAL TERM
Topical Term Polyphosphazenes.
Topical Term Coordination polymers
700 1# - ADDED ENTRY--PERSONAL NAME
Personal name Andrianov, Alexander K.
856 40 - ELECTRONIC LOCATION AND ACCESS
Uniform Resource Identifier http://site.ebrary.com/lib/rucke/Doc?id=10325859

No items available.

© 2026 Rongo University
Contact us: librarian | system librarian | Rongo university